000 01145cam a22002653a 4500
001 1034
003 PGUSA
005 20140828082956.0
008 970901s1997||||xxu|||||s|||||000 p eng d
040 _aPGUSA
_beng
042 _adc
050 4 _aPR
100 1 _aOwen, Wilfred,
_d1893-1918
245 1 0 _aPoems
_h[electronic resource] /
_cWilfred Owen
260 _bProject Gutenberg,
_c1997
505 0 _aPreface -- Strange meeting -- Greater love -- Apologia pro Poemate Meo -- The show -- Mental cases -- Parable of the old men and the young -- Arms and the boy -- Anthem for doomed youth -- The send-off -- Insensibility -- Dulce et decorum est -- The sentry -- The dead-beat -- Exposure -- Spring offensive -- The chances -- S.I.W. -- Futility -- Smile, smile, smile -- Conscious -- A terre -- Wild with all regrets -- Disabled -- The end.
506 _aPublic domain in the USA.
516 _aElectronic text
653 _aWorld War, 1914-1918 -- Poetry
653 _aEnglish poetry -- 20th century
653 _aWar poetry
830 0 _aProject Gutenberg
_v1034
856 4 0 _uhttp://www.gutenberg.org/ebooks/1034
942 _cEB
999 _c230385
_d230385